Empire and aftermath : Yoshida Shigeru and the Japanese experience, 1878-1954
This detailed biography of Japan's Postwar prime minister has had a favorable reception in the United States and has sold widely in translation in Japan.
Gardado en:
| Autor Principal: | |
|---|---|
| Formato: | Libro |
| Idioma: | Undetermined |
| Publicado: |
Cambridge, Mass.
Council on East Asian Studies, Harvard University
1979
|
| Những chủ đề: | |
| Các nhãn: |
Engadir etiqueta
Sen Etiquetas, Sexa o primeiro en etiquetar este rexistro!
|
| Thư viện lưu trữ: | Trung tâm Học liệu Trường Đại học Cần Thơ |
|---|
| LEADER | 00833nam a2200241Ia 4500 | ||
|---|---|---|---|
| 001 | CTU_111148 | ||
| 008 | 210402s9999 xx 000 0 und d | ||
| 020 | |c 274000 | ||
| 082 | |a 952.033092 | ||
| 082 | |b D746 | ||
| 100 | |a Dower, J. W. | ||
| 245 | 0 | |a Empire and aftermath : | |
| 245 | 0 | |b Yoshida Shigeru and the Japanese experience, 1878-1954 | |
| 245 | 0 | |c J. W. Dower | |
| 260 | |a Cambridge, Mass. | ||
| 260 | |b Council on East Asian Studies, Harvard University | ||
| 260 | |c 1979 | ||
| 520 | |a This detailed biography of Japan's Postwar prime minister has had a favorable reception in the United States and has sold widely in translation in Japan. | ||
| 650 | |a Yoshida, Shigeru,Prime ministers | ||
| 650 | |x Biography | ||
| 650 | |z Japan | ||
| 904 | |i M.Loan | ||
| 980 | |a Trung tâm Học liệu Trường Đại học Cần Thơ | ||